LEADER 01267nam a2200289 i 4500 001 000000107151 003 CaOOAMICUS 005 20101202000000.0 008 101202s1992 it u000 u ita u 013 $a79367 020 $a88-215-2531-7 040 $aSeMil$bita 100 1 $aGhidelli, Carlo,$c.$0(OLS)http://semarc/name/3857 245 13$aIl Dio vivo :$bColloqui sulla Trinità alla scuola /$cCarlo Ghidelli. 260 $aCinisello Balsamo (MI) :$bPaoline,$c1992. 300 $a214 p. ;$c21 cm. 490 0 $aFame e sete della Parola ;$v11 500 $aCon dedica autografa dell'a. 650 4$aTrinità - Teologia.$0(OLS)http://semarc/subject/1098 650 4$aPaolo - Concezione della Trinità.$0(OLS)http://semarc/subject/18707 830 0$aFame e sete della Parola ;$v11.$0(OLS)http://semarc/title/6402 850 $aSeMil 852 $aSeMil$W1$xVenegono$y1$m2V II 263$j63247$B63247$CSeMilBibl$Z2$F158386 $81 961 $aLascito: Calcaterra don Carlo 996 $6020$a88-215-2531-7$9(OLS)http://semarc/number/79916 996 $6245$aIl Dio vivo :$bColloqui sulla Trinità alla scuola$9(OLS)http://semarc/title/155406 996 $6260$aCinisello Balsamo (MI) :$bPaoline$9(OLS)http://semarc/publisher/29714 LEADER 01703nam a2200301 i 4500 001 000000073569 003 CaOOAMICUS 005 20230725124018.0 008 140403s1999 gw u000 u ger u 020 $a3-11-016455-8 040 $aSeMil$bita 100 1 $aBeck, Martin,$d<1967- >.$0(OLS)http://semarc/name/36355 245 10$aElia und die Monolatrie :$bein Beitrag religionsgeschichtlichen Rückfrage nach dem vorschriftprophetischen Jahwe-Glauben /$cMartin Beck. 260 $aBerlin ; New York :$bWalter de Gruyter,$c1999. 300 $aX, 322 p. ;$c24 cm. 490 0 $aBeihefte zur Zeitschrift für die alttestamentliche Wissenschaft ;$v281 650 4$aBaal .$0(OLS)http://semarc/subject/54086 650 4$aElia .$0(OLS)http://semarc/subject/15839 650 4$aBibbia. Antico Testamento. 1 Re - Commentari, studi, critica, interpretazioni.$0(OLS)http://semarc/subject/25682 650 4$aBibbia. Antico Testamento. Profeti - Commentari, studi, critica, interpretazioni.$0(OLS)http://semarc/subject/9887 830 0$aBeihefte zur Zeitschrift für die alttestamentliche Wissenschaft ;$v281.$0(OLS)http://semarc/title/294 850 $aSeMil 852 $aSeMil$W1$xVenegono$y1$m2XA Q 281$j242402$B39721$CSeMilBibl$Z2$F39725 $81 961 $aSottoscrizione: Casa editrice 996 $6020$a3-11-016455-8$9(OLS)http://semarc/number/53078 996 $6245$aElia und die Monolatrie :$bein Beitrag religionsgeschichtlichen Rückfrage nach dem vorschriftprophetischen Jahwe-Glauben$9(OLS)http://semarc/title/118795 996 $6260$aBerlin ; New York :$bWalter de Gruyter$9(OLS)http://semarc/publisher/29849